Detalles MARC
| 000 -LÍDER |
| Campo fijo de descripción fija |
01363cam a22003014i 4500 |
| 001 - NÚMERO DE CONTROL |
| Campo de control |
18338 |
| 003 - IDENTIFICADOR DEL NÚMERO DE CONTROL |
| Campo de control |
CO-MdFUSB |
| 005 - FECHA Y HORA DE LA ULTIMA TRANSACCIÓN |
| control field |
20180901115424.0 |
| 008 - ELEMENTOS DE LONGITUD FIJA -- INFORMACIÓN GENERAL |
| Campo fijo de descripción fija -- Información general |
180831b xxu||||| |||| 00| 0 eng d |
| 020 ## - NÚMERO INTERNACIONAL NORMALIZADO PARA LIBROS |
| Número Internacional Normalizado del libro |
978-0-8297-5390-5 |
| 040 ## - FUENTE DE CATALOGACIÓN |
| Agencia de catalogación original |
CO-MdFUSB |
| Idioma de catalogación |
spa |
| Agencia que realiza la transcripción |
CO-MdFUSB |
| Agencia que realiza la modificación |
CO-MdFUSBC |
| Convenciones de la descripción |
rda |
| 041 ## - CÓDIGO DE IDIOMA |
| Código de idioma para texto/pista de sonido o título separado |
spa |
| 082 04 - NÚMERO DE CLASIFICACIÓN DECIMAL DEWEY |
| Número de clasificación |
G 226.8 |
| Número de la edición del Dewey |
23 |
| Clave de autor-Numero de item |
B1541p |
| 100 1# - ASIENTO PRINCIPAL--NOMBRE PERSONAL |
| Nombre personal |
Bailey, Kenneth E. |
| Término relacionador |
autor |
| 245 10 - TÍTULO |
| Título del Material |
Las parábolas de Lucas |
| Parte restante del título - Subtitulo |
: un acercamiento literario a través de la mirada de los campesinos de Oriente Medio; z. |
| Mención de responsabilidad, etc. |
/ Kenneth E. Bailey ; traductor Dorcas González |
| 264 #1 - PRODUCCIÓN, PUBLICACIÓN, DISTRIBUCIÓN, MANUFACTURA, Y COPYRIGHT |
| Lugar de producción, publicación, distribución, manufactura |
Miami, Florida : |
| Nombre del productor, publicador, distribuidor |
Vida, |
| Fecha de producción, publicación, distribución, manufactura, o copyright |
℗[2009] |
| 264 #4 - PRODUCCIÓN, PUBLICACIÓN, DISTRIBUCIÓN, MANUFACTURA, Y COPYRIGHT |
| Lugar de producción, publicación, distribución, manufactura |
©2009 |
| 300 ## - DESCRIPCIÓN FÍSICA |
| Extensión |
298 páginas ; |
| Dimensiones |
23 cm |
| 336 ## - TIPO DE CONTENIDO |
| Término de tipo de contenido |
texto |
| Código de tipo de contenido |
txt |
| Fuente |
rdacontent |
| 337 ## - TIPO DE MEDIO |
| Fuente |
rdamedia |
| Nombre del tipo de medio |
sin mediación |
| Código del tipo de medio |
n |
| 338 ## - TIPO DE SOPORTE |
| Fuente |
rdacarrier |
| Nombre del tipo de soporte |
volumen |
| Código Tipo de soporte |
nc |
| 500 ## - NOTA GENERAL |
| Nota General |
Título original : Poet & peasant and through peasant Eyes: A literary-cultural approach to the parables in Luke |
| 501 ## - NOTA DE “CON” |
| Nota de Contenido |
Rustico |
| 505 00 - NOTA DE CONTENIDO |
| Nota de contenido con formato preestablecido |
Los dos deudores -- la zorra, el funeral y el arado -- el buen samaritano -- el rico insensato -- Pilato, la torre y la higuera -- el gran banquete -- el siervo obediente -- el juez y la viuda -- el fariseo y el recaudador de impuestos |
| 630 07 - TITULO UNIFORME |
| Título uniforme |
Biblia. |
| Subdivisión de forma |
Lucas |
| 650 14 - ASIENTO SECUNDARIO DE MATERIA - TERMINO TEMÁTICO |
| Término temático o nombre geográfico como elemento de entrada |
BIBLIA N.T. - LUCAS - COMENTARIOS - PARABOLAS \ PARABOLAS BIBLICAS \ JESUCRISTO - ENSEÑANZAS - PARABOLAS |
| 942 ## - TIPO DE MATERIAL (KOHA) |
| Tipo de Item KOHA |
Libros General |